| 000 | 00619nam a2200217 i 4500 | ||
|---|---|---|---|
| 001 | bgj | ||
| 100 | 1 | _aOXENDEN, Clive | |
| 245 | 1 | 0 |
_aEnglish File : _bworkbook / _cClive Oxenden ; Paul Seligson ; with Mark Foley. |
| 260 |
_aOxford : _bOxford University Press, _c1999. |
||
| 300 |
_a87 pp : _bill. ; _c30 cm. |
||
| 650 | 9 | _aEnglish language | |
| 655 | _aTextbooks for foreigners | ||
| 700 | 1 |
_aSELIGSON, Paul. _eco-author |
|
| 700 | 1 |
_aFOLEY, Mark. _eco-author |
|
| 020 | _a0194355292 | ||
| 040 | _cBPK | ||
| 041 | 0 | _aeng | |
| 920 | _a0-19-435529-2 | ||
| 942 | _cKS | ||
| 008 | s uk f |000 0 eng | ||
| 999 |
_c48968 _d48968 |
||
| 856 |
_uhttp://koha.tu.koszalin.pl/cgi-bin/koha/opac-detail.pl?biblionumber=48968 _yKatalog online BPK |
||